|
|
|
|
| LEADER |
00888cam a2200169 7i4500 |
| 001 |
0000135195 |
| 005 |
20080213090000.0 |
| 002 |
0000000258 |
| 090 |
0 |
0 |
|a LP 22 FPSS 1 1993
|
| 100 |
0 |
# |
|a Lee Mooi Joo
|
| 235 |
0 |
0 |
|a Kesan penggantian sebahagian atau semua tepung ikan dengan tepung sisa ternakan dalam diet ke atas pertumbuhan Keli Afrika (Clarias gariepinus)
|c Lee Mooi Joo.
|
| 245 |
0 |
0 |
|a Laporan Projek FPSS (Ijazah Bacelor Sains Perikanan)1993.
|
| 260 |
# |
# |
|a Serdang, Selangor:
|b Universiti Pertanian Malaysia,
|c 1993.
|
| 300 |
|
|
|a ix, 54 p.:
|b ill. (some col.);
|c 30 cm..
|
| 502 |
# |
# |
|a Satu kajian telah dijalankan untuk menilai kesan penggantian sebahagian atau semua tepung ikan (FM) dengan tepung sisa ternakan ayam (PM) terhadap pertumbuhan dan kemandirian Keli Afrika (Clarias gariepinus)...[et al.]
|
| 602 |
# |
# |
|a Laporan Projek FPSS 1993
|
| 999 |
|
|
|a 1100023720
|b Book
|c Koleksi Arkib
|e BILIK ARKIB
|